000 00293nam a2200121Ia 4500
008 240731s9999 xx 000 0 und d
022 _a2770-7571
245 0 _aCogent Public Health
260 _bCogent OA
856 _uhttps://www.tandfonline.com/loi/oamd21
942 _2ddc
942 _cTFEJ
999 _c75947
_d75947
945 _a1
_bMadushi Gamage
_c1
_dMadushi Gamage